[Event "II Aberto do Brasil de Maringa id. fide 69253 id. 
[Site "Maringa - Parana - Brasil"]
[Date "2012.08.10"]
[Round "4"]
[Board "14"]
[White "MARTINS, Carlos"]
[Black "LUKACHEWSKI JUNIOR, Wanderley"]
[Result "1-0"]
[WhiteElo "2250"]
[BlackElo "2050"]
[PlyCount "86"]
[EventDate "2012.08.08"]
[EventRounds "9"]
[EventCountry "BRA"]

1. f4 Nf6 2. Nf3 d5 3. g3 g6 4. Bg2 Bg7 5. O-O O-O 6. d3 Nc6 7. c3 Re8 8. Nh4
Qd6 9. Na3 e5 10. f5 Qc5+ 11. Kh1 Bxf5 12. Nxf5 gxf5 13. Rxf5 Ng4 14. e3 h5 15.
h3 Nf6 16. Qf1 Re6 17. e4 Ne7 18. Rf2 dxe4 19. Bg5 Nh7 20. Bxe7 Rxe7 21. dxe4
Rd8 22. Qe2 Bh6 23. Rf5 Qe3 24. Qxe3 Bxe3 25. Nc4 Bc5 26. b4 Bd6 27. Rxh5 f6
28. Ne3 Red7 29. Bf1 Bf8 30. Bc4+ Kh8 31. Rf1 Bg7 32. Be6 Re7 33. Bf5 Bf8 34.
Nd5 Rf7 35. Nxf6 Rxf6 36. Rxh7+ Kg8 37. Rxc7 Bg7 38. g4 Rd3 39. g5 Ra6 40. h4
Rc6 41. Rxb7 Rcxc3 42. g6 Rd2 43. Be6+ Kh8 1-0

[Event "II Aberto do Brasil de Maringa id. fide 69253 id. 
[Site "Maringa - Parana - Brasil"]
[Date "2012.08.10"]
[Round "4"]
[Board "15"]
[White "BARBOSA, Jefferson Lucas Munhoz"]
[Black "MENNA BARRETO, Felipe Kubiaki"]
[Result "0-1"]
[WhiteElo "1829"]
[BlackElo "2247"]
[PlyCount "46"]
[EventDate "2012.08.08"]
[EventRounds "9"]
[EventCountry "BRA"]

1. e4 e5 2. Nf3 Nc6 3. Bb5 a6 4. Bxc6 dxc6 5. O-O Bg4 6. h3 h5 7. d3 Qf6 8.
Nbd2 Bd6 9. Re1 Ne7 10. Qe2 Ng6 11. hxg4 hxg4 12. Nh2 Rxh2 13. Kxh2 Ke7 14. g3
Rh8+ 15. Kg1 Nf4 16. Qxg4 Nh3+ 17. Qxh3 Rxh3 18. Nf1 Qf3 19. Bg5+ f6 20. Nh2
Rxh2 21. Kxh2 fxg5 22. Rf1 Bc5 23. Rad1 Bxf2 0-1

[Event "II Aberto do Brasil de Maringa id. fide 69253 id. 
[Site "Maringa - Parana - Brasil"]
[Date "2012.08.10"]
[Round "4"]
[Board "16"]
[White "QUINTILIANO PINTO, Renato R"]
[Black "BRANDAO, Renan Alves"]
[Result "1-0"]
[WhiteElo "2238"]
[BlackElo "2048"]
[PlyCount "57"]
[EventDate "2012.08.08"]
[EventRounds "9"]
[EventCountry "BRA"]

1. e4 c5 2. Nf3 Nc6 3. d4 cxd4 4. Nxd4 Nf6 5. Nc3 g6 6. Nxc6 bxc6 7. e5 Ng8 8.
Bc4 Bg7 9. Qf3 f5 10. Bf4 Qa5 11. O-O Rb8 12. Rfe1 e6 13. Rad1 Ne7 14. h4 Rb4
15. b3 Rb8 16. Na4 Nd5 17. Bd2 Qd8 18. Qg3 O-O 19. Bg5 f4 20. Qg4 Qe8 21. Bxd5
cxd5 22. Bxf4 Rb4 23. c4 dxc4 24. Bg3 a5 25. a3 Rxb3 26. Qxc4 Rxa3 27. Nb6 Qd8
28. Rd6 Kf7 29. Red1 1-0

[Event "II Aberto do Brasil de Maringa id. fide 69253 id. 
[Site "Maringa - Parana - Brasil"]
[Date "2012.08.10"]
[Round "4"]
[Board "17"]
[White "FELICIANO EBERT, Vanessa"]
[Black "MENDONCA CAMPELO, Higor Carlos"]
[Result "1-0"]
[WhiteElo "2231"]
[BlackElo "2041"]
[PlyCount "123"]
[EventDate "2012.08.08"]
[EventRounds "9"]
[EventCountry "BRA"]

1. e4 e6 2. d4 d5 3. Nc3 Nf6 4. e5 Nfd7 5. f4 c5 6. Nf3 Nc6 7. Be3 cxd4 8. Nxd4
Bc5 9. Qd2 O-O 10. O-O-O a6 11. Qf2 Nxd4 12. Bxd4 Qc7 13. Bd3 b5 14. Ne2 b4 15.
Rhf1 a5 16. Qh4 g6 17. Rf3 Re8 18. Rh3 Nf8 19. Bxc5 Qxc5 20. g4 Ba6 21. Bxa6
Rxa6 22. Nd4 a4 23. Kb1 a3 24. b3 Rb6 25. Qh6 Qe7 26. Kc1 f6 27. Nf3 Rb7 28.
exf6 Qxf6 29. Ne5 Rc8 30. Re1 Rbc7 31. Re2 Rg7 32. Qg5 Qxg5 33. fxg5 Rgc7 34.
Rf3 Rb7 35. h4 Rbc7 36. h5 Rc3 37. Ref2 Rxf3 38. Rxf3 Rc7 39. h6 Rb7 40. Rf6
Nd7 41. Rxe6 Nxe5 42. Rxe5 Rd7 43. Kd2 Kf7 44. Kd3 Rd6 45. c3 bxc3 46. Kxc3 d4+
47. Kd3 Rc6 48. Ra5 Rc3+ 49. Kxd4 Rg3 50. Ke5 Rxg4 51. Ra7+ Kg8 52. Rxa3 Rxg5+
53. Ke6 Rf5 54. Ra8+ Rf8 55. Rxf8+ Kxf8 56. a4 Ke8 57. a5 Kd8 58. b4 Kc7 59. b5
Kb7 60. Kd6 Ka8 61. Kc6 Kb8 62. b6 1-0

[Event "II Aberto do Brasil de Maringa id. fide 69253 id. 
[Site "Maringa - Parana - Brasil"]
[Date "2012.08.10"]
[Round "4"]
[Board "19"]
[White "CRUZ, William Ferreira Da"]
[Black "AOYAMA, Edmundo"]
[Result "1-0"]
[WhiteElo "2188"]
[BlackElo "1915"]
[PlyCount "41"]
[EventDate "2012.08.08"]
[EventRounds "9"]
[EventCountry "BRA"]

1. d4 d5 2. c4 e6 3. Nc3 Nf6 4. Nf3 Be7 5. Qc2 Nbd7 6. Bf4 c6 7. e3 O-O 8. h3
Qa5 9. Nd2 Bb4 10. Bd3 c5 11. O-O cxd4 12. exd4 Bxc3 13. bxc3 b6 14. Bd6 dxc4
15. Nxc4 Qg5 16. Bxf8 Nxf8 17. f4 Qh6 18. Ne5 Bb7 19. c4 Rd8 20. Qb2 Nh5 21.
Ng4 1-0

[Event "II Aberto do Brasil de Maringa id. fide 69253 id. 
[Site "Maringa - Parana - Brasil"]
[Date "2012.08.10"]
[Round "4"]
[Board "20"]
[White "TAKATA, Felipe Sandron"]
[Black "CALCADO, Acyr Rogerio"]
[Result "0-1"]
[WhiteElo "1535"]
[BlackElo "2165"]
[PlyCount "74"]
[EventDate "2012.08.08"]
[EventRounds "9"]
[EventCountry "BRA"]

1. d4 Nf6 2. c4 e6 3. Nc3 Bb4 4. Bg5 h6 5. Bh4 c5 6. Nf3 Qa5 7. Qc2 Ne4 8. Rc1
f5 9. Bg3 Qxa2 10. e3 b6 11. Bd3 Bxc3+ 12. bxc3 Qxc2 13. Rxc2 Nxg3 14. hxg3 Bb7
15. O-O O-O 16. Ra2 Nc6 17. Ne5 cxd4 18. Nxc6 Bxc6 19. cxd4 Rfc8 20. Rfa1 Rc7
21. Be2 Kf8 22. g4 fxg4 23. Bxg4 Ke7 24. Be2 d5 25. cxd5 Bxd5 26. Rb2 Rac8 27.
Kh2 Kf6 28. Bd3 Rc3 29. Rd2 R8c7 30. e4 Bb3 31. f3 a5 32. Rb1 a4 33. Ra1 Ra7
34. Bb5 Ra5 35. Bd3 b5 36. Bb1 b4 37. Ba2 Bc2 0-1

[Event "II Aberto do Brasil de Maringa id. fide 69253 id. 
[Site "Maringa - Parana - Brasil"]
[Date "2012.08.10"]
[Round "4"]
[Board "21"]
[White "BORGES, Leonardo Fernandes"]
[Black "CHEMIN, Justo Reinaldo"]
[Result "0-1"]
[WhiteElo "1907"]
[BlackElo "2153"]
[PlyCount "56"]
[EventDate "2012.08.08"]
[EventRounds "9"]
[EventCountry "BRA"]

1. e4 e5 2. Nf3 Nc6 3. d4 exd4 4. Bc4 Nf6 5. O-O d6 6. Nxd4 Be7 7. Nc3 O-O 8.
h3 Bd7 9. f4 a6 10. a4 Nxd4 11. Qxd4 c5 12. Qd1 b5 13. axb5 axb5 14. Rxa8 Qxa8
15. Bd5 Qb8 16. g4 b4 17. Ne2 Nxd5 18. Qxd5 Bb5 19. Rf2 Qa8 20. Qxa8 Rxa8 21.
Kh2 Ra1 22. Be3 Re1 23. Ng3 Rxe3 24. e5 dxe5 25. Nf5 exf4 26. Nxe3 fxe3 27. Rf5
e2 28. Re5 Bd6 0-1

[Event "II Aberto do Brasil de Maringa id. fide 69253 id. 
[Site "Maringa - Parana - Brasil"]
[Date "2012.08.10"]
[Round "4"]
[Board "22"]
[White "BRODAY, Geovani Allan"]
[Black "SOUZA NEVES, Andrey M"]
[Result "1-0"]
[WhiteElo "1899"]
[BlackElo "2140"]
[PlyCount "126"]
[EventDate "2012.08.08"]
[EventRounds "9"]
[EventCountry "BRA"]

1. e4 c6 2. d4 d5 3. e5 Bf5 4. Nf3 e6 5. Be2 c5 6. c3 Nd7 7. O-O Ne7 8. Be3 Nc6
9. a3 c4 10. Nbd2 Be7 11. Ne1 O-O 12. f4 f6 13. g4 Bg6 14. Ng2 fxe5 15. fxe5
Bg5 16. Bxg5 Qxg5 17. h4 Rxf1+ 18. Nxf1 Qe7 19. Ng3 h6 20. Qd2 Rf8 21. Rf1
Rxf1+ 22. Kxf1 Nf8 23. Qf4 Qf7 24. Kf2 Nd7 25. Qxf7+ Kxf7 26. Bd1 Bb1 27. Nf1
g5 28. Nd2 Ba2 29. Bc2 gxh4 30. Nxh4 Na5 31. Ng2 Bb3 32. Bxb3 Nxb3 33. Nxb3
cxb3 34. Ke3 Nb6 35. Kd2 Nc4+ 36. Kc1 b6 37. a4 a5 38. Kb1 Nd2+ 39. Kc1 Nf1 40.
Kd1 Ng3 41. Ne3 Ne4 42. c4 dxc4 43. Nxc4 Nf2+ 44. Ke2 Nxg4 45. Nxb6 Kg6 46. Nc4
Kf5 47. Nxa5 h5 48. Nxb3 h4 49. Nd2 h3 50. Kf3 h2 51. Kg2 Ne3+ 52. Kxh2 Nc2 53.
Nb3 Ke4 54. a5 Kd5 55. a6 Kc6 56. d5+ exd5 57. e6 Ne3 58. Kg3 Kb6 59. Kf4 Nc4
60. e7 Nd6 61. Ke5 Ne8 62. Nc5 Nc7 63. Kd6 d4 1-0

[Event "II Aberto do Brasil de Maringa id. fide 69253 id. 
[Site "Maringa - Parana - Brasil"]
[Date "2012.08.10"]
[Round "4"]
[Board "24"]
[White "MOLINA, Roberto Junio Brito"]
[Black "SERAFIM JUNIOR, Arnor"]
[Result "1-0"]
[WhiteElo "2423"]
[BlackElo "1859"]
[PlyCount "57"]
[EventDate "2012.08.08"]
[EventRounds "9"]
[EventCountry "BRA"]

1. d4 d5 2. c4 e6 3. Nf3 Nf6 4. g3 Nbd7 5. Bg2 c6 6. Qc2 Be7 7. O-O O-O 8. Bf4
Ne4 9. Nc3 f5 10. Rad1 Ndf6 11. Ne5 Qa5 12. Nxe4 Nxe4 13. f3 Nf6 14. b3 Nd7 15.
Nd3 Bf6 16. Nf2 e5 17. dxe5 Nxe5 18. cxd5 cxd5 19. Bxe5 Bxe5 20. f4 Bf6 21.
Rxd5 Qb6 22. Rfd1 Re8 23. e4 fxe4 24. Bxe4 h6 25. Kg2 Be6 26. Rd6 Qb4 27. Rxe6
Rxe6 28. Bd5 Rae8 29. f5 1-0

[Event "II Aberto do Brasil de Maringa id. fide 69253 id. 
[Site "Maringa - Parana - Brasil"]
[Date "2012.08.10"]
[Round "4"]
[Board "25"]
[White "BUENO, Alfeu Junior Varela"]
[Black "DE SOUZA ASSIS, Rafael"]
[Result "1-0"]
[WhiteElo "2288"]
[BlackElo "1850"]
[PlyCount "67"]
[EventDate "2012.08.08"]
[EventRounds "9"]
[EventCountry "BRA"]

1. e4 e6 2. d4 d5 3. Nd2 Nf6 4. e5 Nfd7 5. Bd3 c5 6. c3 Nc6 7. Ne2 cxd4 8. cxd4
f6 9. exf6 Nxf6 10. Nf3 Bd6 11. O-O Qc7 12. Bg5 O-O 13. Bh4 e5 14. dxe5 Nxe5
15. Nxe5 Bxe5 16. Bg3 Bg4 17. Rc1 Qd6 18. Qb3 Bxe2 19. Bxe2 Ne4 20. Rcd1 Nxg3
21. hxg3 Kh8 22. Rxd5 Qf6 23. Bd3 Bd4 $11 24. Rf5 Qb6 25. Qd5 g6 26. Rf7 Rxf7
27. Qxf7 Bxb2 28. Re1 Qf6 29. Qxb7 Rf8 30. Re7 Qxf2+ 31. Kh2 Qd4 32. Rd7 Qc3
33. Rc7 Qd4 34. Bc4 1-0

[Event "II Aberto do Brasil de Maringa id. fide 69253 id. 
[Site "Maringa - Parana - Brasil"]
[Date "2012.08.10"]
[Round "4"]
[Board "26"]
[White "CHEMIN, Vitorio"]
[Black "SANTOS, Otavio Belegarde Dos"]
[Result "1-0"]
[WhiteElo "2205"]
[BlackElo "1822"]
[PlyCount "63"]
[EventDate "2012.08.08"]
[EventRounds "9"]
[EventCountry "BRA"]

1. d4 e6 2. Nf3 d5 3. c4 Nf6 4. g3 Nbd7 5. Bg2 c6 6. cxd5 exd5 7. Nc3 Bd6 8.
O-O O-O 9. Qc2 Re8 10. Rb1 Nb6 11. Bg5 h6 12. Bxf6 Qxf6 13. e4 Qg6 14. Nh4 Qh7
15. Qe2 g5 16. Nf3 dxe4 17. Nd2 f5 18. g4 Qc7 19. gxf5 Bxf5 20. Qh5 e3 21. Nde4
Kg7 22. fxe3 Bg6 23. Qh3 Nd5 24. Rbe1 Bb4 25. Nxd5 cxd5 26. Rc1 Qe7 27. Nf6 Bd2
28. Nxd5 Bxe3+ 29. Nxe3 Qxe3+ 30. Qxe3 Rxe3 31. Rc7+ Kh8 32. Bd5 1-0

[Event "II Aberto do Brasil de Maringa id. fide 69253 id. 
[Site "Maringa - Parana - Brasil"]
[Date "2012.08.10"]
[Round "4"]
[Board "27"]
[White "UTIYAMA, Marcel Heimar Ribeiro"]
[Black "SOUZA, Gustavo Horokoski De"]
[Result "1-0"]
[WhiteElo "2126"]
[BlackElo "1846"]
[PlyCount "61"]
[EventDate "2012.08.08"]
[EventRounds "9"]
[EventCountry "BRA"]

1. e4 e6 2. d4 d5 3. Nd2 Nf6 4. e5 Nfd7 5. Bd3 c5 6. c3 Nc6 7. Ne2 Qb6 8. Nf3
cxd4 9. cxd4 f6 10. exf6 Nxf6 11. O-O Bd6 12. Re1 O-O 13. Nc3 Bd7 14. Be3 Be8
15. Ne5 Qc7 16. Nb5 Qe7 17. Nxd6 Qxd6 18. f4 Qb4 19. Qc2 Nxd4 20. Qf2 Nc6 21.
Nxc6 Bxc6 22. Bc5 Qa5 23. Bxf8 Rxf8 24. Rxe6 Bd7 25. Re2 Ng4 26. Qd4 Kh8 27. h3
Nf6 28. Re5 Qd2 29. Re2 Qa5 30. g4 Bb5 31. Qc5 1-0

[Event "II Aberto do Brasil de Maringa id. fide 69253 id. 
[Site "Maringa - Parana - Brasil"]
[Date "2012.08.10"]
[Round "4"]
[Board "28"]
[White "RODRIGUES, Joao Victor Da Silva"]
[Black "YANO, William Jorge Froes"]
[Result "0-1"]
[WhiteElo "1759"]
[BlackElo "2124"]
[PlyCount "70"]
[EventDate "2012.08.08"]
[EventRounds "9"]
[EventCountry "BRA"]

1. e4 e6 2. d4 d5 3. exd5 exd5 4. Nf3 Nc6 5. Nc3 Bb4 6. a3 Bxc3+ 7. bxc3 Nge7
8. h3 O-O 9. Bd3 Bf5 10. O-O Bxd3 11. cxd3 Ng6 12. Rb1 b6 13. a4 Re8 14. Re1
Qd6 15. Ra1 Rad8 16. Ba3 Qf6 17. Qd2 Nf4 18. g3 Nxh3+ 19. Kg2 h6 20. Rh1 Ng5
21. Nxg5 Qxg5 22. Qxg5 hxg5 23. Rae1 f6 24. Kf3 Kf7 25. Kg4 Rxe1 26. Rxe1 Re8
27. Rxe8 Kxe8 28. Kh5 Kf7 29. f4 gxf4 30. gxf4 g6+ 31. Kh6 Nd8 32. Bc1 Ne6 33.
Be3 c6 34. Bc1 c5 35. dxc5 Nxc5 0-1

[Event "II Aberto do Brasil de Maringa id. fide 69253 id. 
[Site "Maringa - Parana - Brasil"]
[Date "2012.08.10"]
[Round "4"]
[Board "29"]
[White "DE ANDRADE, Osvaldo Cezar G"]
[Black "RAMILLO, Vitoria Matheus"]
[Result "1-0"]
[WhiteElo "2110"]
[BlackElo "1794"]
[PlyCount "59"]
[EventDate "2012.08.08"]
[EventRounds "9"]
[EventCountry "BRA"]

1. e4 e5 2. Nf3 Nc6 3. Bc4 Nf6 4. Ng5 d5 5. exd5 Na5 6. Bb5+ c6 7. dxc6 bxc6 8.
Be2 h6 9. Nf3 e4 10. Ne5 Bc5 11. c3 Bd6 12. f4 exf3 13. Nxf3 O-O 14. O-O c5 15.
d4 Qc7 16. Kh1 c4 17. b4 cxb3 18. axb3 Re8 19. c4 Nxb3 20. Qxb3 Rxe2 21. Nc3
Re7 22. Nb5 Qb8 23. Qd3 Re4 24. Nc3 Re7 25. c5 Bf4 26. d5 Bxc1 27. Raxc1 Bg4
28. d6 Re6 29. Nd4 Re5 30. Nc6 1-0

[Event "II Aberto do Brasil de Maringa id. fide 69253 id. 
[Site "Maringa - Parana - Brasil"]
[Date "2012.08.10"]
[Round "4"]
[Board "30"]
[White "FARIAS, Sergio Roberto Alves"]
[Black "OKAWATI, Gabriel Akira Andrade"]
[Result "1/2-1/2"]
[WhiteElo "2101"]
[BlackElo "1782"]
[PlyCount "79"]
[EventDate "2012.08.08"]
[EventRounds "9"]
[EventCountry "BRA"]

1. d4 Nf6 2. c4 e6 3. Nc3 Bb4 4. e3 O-O 5. Bd3 b6 6. Nge2 Bb7 7. f3 d6 8. e4
Nbd7 9. a3 Bxc3+ 10. Nxc3 a5 11. Be3 e5 12. d5 Nc5 13. Bc2 Nh5 14. g3 Qd7 15.
O-O Qh3 16. Qd2 Ba6 17. b4 Nd7 18. Bd3 h6 19. Rfc1 Ndf6 20. Bf1 Qd7 21. Ne2 Ne8
22. g4 Nhf6 23. g5 hxg5 24. Bxg5 Nh7 25. Be3 f5 26. exf5 Qxf5 27. Bg2 axb4 28.
Ng3 Qg6 29. axb4 Nef6 30. c5 bxc5 31. bxc5 Bb7 32. c6 Rxa1 33. Rxa1 Bc8 34. Ra7
Ne8 35. Kh1 Nhf6 36. Ra8 Bf5 37. Ra1 Nh5 38. Nxh5 Qxh5 39. Qf2 Bh3 40. Ra4
1/2-1/2

[Event "II Aberto do Brasil de Maringa id. fide 69253 id. 
[Site "Maringa - Parana - Brasil"]
[Date "2012.08.10"]
[Round "4"]
[Board "31"]
[White "ALBOREDO, Julia"]
[Black "OLIVEIRA, Fernando Ventura"]
[Result "0-1"]
[WhiteElo "1770"]
[BlackElo "2077"]
[PlyCount "88"]
[EventDate "2012.08.08"]
[EventRounds "9"]
[EventCountry "BRA"]

1. e4 c5 2. Nf3 Nc6 3. Bb5 Nd4 4. Nxd4 cxd4 5. O-O e6 6. c3 a6 7. Ba4 b5 8. Bb3
Bc5 9. d3 Bb7 10. Nd2 Ne7 11. Qh5 Rc8 12. cxd4 Bxd4 13. Nf3 Nc6 14. Bf4 Bxb2
15. Rab1 Bf6 16. Qg4 Nd4 17. Nxd4 Bxd4 18. e5 g6 19. Bg5 Qb6 20. Bf6 h5 21. Qg5
Rh7 22. Be7 Bxe5 23. Qxe5 Kxe7 24. d4 f6 25. Qg3 g5 26. d5 e5 27. Rfd1 Qd6 28.
Qd3 Rh6 29. a4 b4 30. Qe3 Rhh8 31. Rdc1 Kf7 32. Qa7 Rxc1+ 33. Rxc1 Rc8 34. Rxc8
Bxc8 35. Qa8 Qc5 36. d6+ Kg6 37. h3 f5 38. g4 hxg4 39. hxg4 Qc1+ 40. Kg2 Qc6+
41. Qxc6 dxc6 42. gxf5+ Kf6 43. Bc4 a5 44. Ba6 Bd7 0-1

[Event "II Aberto do Brasil de Maringa id. fide 69253 id. 
[Site "Maringa - Parana - Brasil"]
[Date "2012.08.10"]
[Round "4"]
[Board "32"]
[White "SALMASO TRELHA, Victor Hugo"]
[Black "GONCALVES, Jorge Roberto"]
[Result "0-1"]
[WhiteElo "1645"]
[BlackElo "2057"]
[PlyCount "38"]
[EventDate "2012.08.08"]
[EventRounds "9"]
[EventCountry "BRA"]

1. e4 c5 2. Nf3 d6 3. d4 cxd4 4. Nxd4 Nf6 5. Nc3 e6 6. Bg5 Qa5 7. Qd2 Be7 8.
Bb5+ Bd7 9. O-O Nc6 10. Nb3 Qc7 11. Rad1 a6 12. Be2 h6 13. Bf4 Ne5 14. h3 g5
15. Bxe5 dxe5 16. Bf3 Rc8 17. Qe3 Rg8 18. Kh1 h5 19. Qe2 g4 0-1

[Event "II Aberto do Brasil de Maringa id. fide 69253 id. 
[Site "Maringa - Parana - Brasil"]
[Date "2012.08.10"]
[Round "4"]
[Board "33"]
[White "REZENDE, Guilherme Vilela"]
[Black "VIEIRA, Larissa Moretti"]
[Result "1-0"]
[WhiteElo "2049"]
[BlackElo "1771"]
[PlyCount "73"]
[EventDate "2012.08.08"]
[EventRounds "9"]
[EventCountry "BRA"]

1. d4 f5 2. Nf3 e6 3. Bf4 Nf6 4. e3 b6 5. Bd3 Bb7 6. Qe2 Be7 7. h4 Nh5 8. Bg5
h6 9. Bxe7 Qxe7 10. Ne5 Nf6 11. Ng6 Qd6 12. Nxh8 Bxg2 13. Rg1 Qh2 14. Rxg2 Qxg2
15. Nd2 Nc6 16. Qf1 Qxf1+ 17. Kxf1 Ne7 18. Be2 g6 19. Bf3 Rb8 20. e4 Kf8 21.
exf5 exf5 22. Re1 Re8 23. h5 gxh5 24. Rxe7 Kxe7 25. Ng6+ Kf7 26. Nf4 Kg7 27.
Nc4 h4 28. Ne3 h3 29. Nxf5+ Kh7 30. Nxh3 Ne4 31. Bxe4 Rxe4 32. f3 Re6 33. Kf2
Kg6 34. Ne3 Rd6 35. c3 Kh5 36. f4 Kh4 37. Nf5+ 1-0

[Event "II Aberto do Brasil de Maringa id. fide 69253 id. 
[Site "Maringa - Parana - Brasil"]
[Date "2012.08.10"]
[Round "4"]
[Board "35"]
[White "MOREIRA, Ronaldo Alonso"]
[Black "BIDIGARAY, Marcio"]
[Result "1-0"]
[WhiteElo "2022"]
[BlackElo "1722"]
[PlyCount "53"]
[EventDate "2012.08.08"]
[EventRounds "9"]
[EventCountry "BRA"]

1. d4 Nf6 2. Bg5 d6 3. c4 c5 4. Bxf6 gxf6 5. d5 Nd7 6. Nc3 Ne5 7. g3 Qa5 8. Qb3
Rb8 9. Rd1 b5 10. cxb5 Bd7 11. a4 a6 12. e3 axb5 13. axb5 Bxb5 14. Bxb5+ Rxb5
15. Qxb5+ Qxb5 16. Nxb5 Rg8 17. Ke2 Rg4 18. f4 Nc4 19. b3 Nb6 20. Kf3 Rg8 21.
Ne2 f5 22. Nec3 Bg7 23. Ra1 Kd7 24. Ra7+ Kd8 25. Rha1 Bf8 26. Rb7 Nc8 27. Ra8
1-0

[Event "II Aberto do Brasil de Maringa id. fide 69253 id. 
[Site "Maringa - Parana - Brasil"]
[Date "2012.08.10"]
[Round "4"]
[Board "36"]
[White "CUSTODIO, Leandro"]
[Black "FERENCZY, Vivien Delitsch"]
[Result "1-0"]
[WhiteElo "2014"]
[BlackElo "1633"]
[PlyCount "65"]
[EventDate "2012.08.08"]
[EventRounds "9"]
[EventCountry "BRA"]

1. d4 d5 2. c4 c6 3. cxd5 cxd5 4. Nc3 Nf6 5. Bf4 e6 6. e3 a6 7. Nf3 Nc6 8. Rc1
Be7 9. Bd3 O-O 10. O-O b5 11. h3 Bb7 12. Ne2 Rc8 13. Bb1 h6 14. Ne5 Na5 15. b3
Rxc1 16. Nxc1 Qc8 17. Ncd3 Ne4 18. Qh5 Nf6 19. Qe2 Ne4 20. Rc1 Qa8 21. f3 Nf6
22. Qe1 Nc6 23. Ng4 Nxg4 24. hxg4 Rc8 25. Qg3 Nb4 26. Nc5 Qa7 27. Bd6 Bxd6 28.
Qxd6 a5 29. Kf2 Qa8 30. g5 hxg5 31. Rh1 g6 32. Qe5 Kf8 33. Qf6 1-0

[Event "II Aberto do Brasil de Maringa id. fide 69253 id. 
[Site "Maringa - Parana - Brasil"]
[Date "2012.08.10"]
[Round "4"]
[Board "37"]
[White "CHANG, Suzana"]
[Black "ANGELI GALVANI, Jose Henrique"]
[Result "1-0"]
[WhiteElo "2006"]
[BlackElo "1626"]
[PlyCount "70"]
[EventDate "2012.08.08"]
[EventRounds "9"]
[EventCountry "BRA"]

1. e4 c5 2. Nf3 e6 3. d3 d5 4. Nbd2 Be7 5. g3 Nc6 6. Bg2 Nf6 7. O-O O-O 8. Re1
dxe4 9. dxe4 e5 10. c3 Bg4 11. h3 Bh5 12. Qc2 Qd7 13. Kh2 Rfd8 14. Bf1 a6 15.
a4 Qc7 16. Be2 Bg6 17. Nh4 Rd7 18. Nxg6 hxg6 19. Nc4 b6 20. Ne3 Nd8 21. Bc4 Nb7
$11 22. Qe2 Nd6 23. Nd5 Qc6 24. Nxf6+ Bxf6 25. Bd5 Qc8 26. Bxa8 Qxa8 27. Rd1
Rd8 28. f3 Be7 29. Be3 a5 30. Qc2 Qa6 31. Rd5 f6 32. Rad1 Kh7 33. b3 g5 34. f4
gxf4 35. gxf4 exf4 1-0

[Event "II Aberto do Brasil de Maringa id. fide 69253 id. 
[Site "Maringa - Parana - Brasil"]
[Date "2012.08.10"]
[Round "4"]
[Board "38"]
[White "CEZAR JUNIOR, William Carlos"]
[Black "MARINO, Felipe Gabriel"]
[Result "1-0"]
[WhiteElo "1973"]
[BlackElo "1611"]
[PlyCount "42"]
[EventDate "2012.08.08"]
[EventRounds "9"]
[EventCountry "BRA"]

1. c4 c5 2. Nf3 Nc6 3. d4 cxd4 4. Nxd4 e5 5. Nc2 Nf6 6. Nc3 a6 7. g3 Be7 8. Bg2
O-O 9. O-O d6 10. b4 Qc7 11. Rb1 Na7 12. Ne3 Be6 13. b5 axb5 14. Nxb5 Nxb5 15.
Rxb5 e4 16. Qb3 Ra7 17. Bb2 Bd7 18. Bxf6 Bxb5 19. cxb5 Qc5 20. Bxe7 Rc8 21. Nd5
Ra3 {Ilegivel. Finalizada no lance 26.} 1-0

[Event "II Aberto do Brasil de Maringa id. fide 69253 id. 
[Site "Maringa - Parana - Brasil"]
[Date "2012.08.10"]
[Round "4"]
[Board "39"]
[White "AGUIAR, Djalma"]
[Black "DESTE, Dayan Kuhn"]
[Result "0-1"]
[WhiteElo "1964"]
[BlackElo "1945"]
[PlyCount "70"]
[EventDate "2012.08.08"]
[EventRounds "9"]
[EventCountry "BRA"]

1. e4 c5 2. Nf3 d6 3. d4 cxd4 4. Nxd4 Nf6 5. Nc3 a6 6. f3 Nc6 7. Be3 g6 8. Qd2
Bg7 9. g4 h5 10. g5 Nd7 11. O-O-O O-O 12. f4 Qa5 13. Kb1 Nc5 14. Bg2 Bg4 15.
Rdf1 Na4 16. Nxa4 Qxa4 17. c3 Nxd4 18. cxd4 Rac8 19. f5 Qb5 20. f6 Bh8 21. fxe7
Rfe8 22. Rf2 Rxe7 23. h3 Bd7 24. Bf1 Qc6 25. Bd3 Rxe4 26. Rff1 Ree8 27. Qf2 Be6
28. b3 Qc3 29. Qc2 Bxd4 30. Qxc3 Bxc3 31. Rh2 Be5 32. Bf4 Bxf4 33. Rxf4 Rc3 34.
Bc4 d5 35. Kb2 Rg3 0-1

[Event "II Aberto do Brasil de Maringa id. fide 69253 id. 
[Site "Maringa - Parana - Brasil"]
[Date "2012.08.10"]
[Round "4"]
[Board "40"]
[White "FERREIRA, Any Caroline"]
[Black "COSTA, Samir Hejazi"]
[Result "1/2-1/2"]
[WhiteElo "1919"]
[BlackElo "1955"]
[PlyCount "148"]
[EventDate "2012.08.08"]
[EventRounds "9"]
[EventCountry "BRA"]

1. d4 d5 2. Nf3 e6 3. Bf4 Nf6 4. h3 Nbd7 5. e3 Be7 6. Bd3 O-O 7. Nbd2 c5 8. c3
c4 9. Bc2 Qb6 10. Qb1 Bd6 11. Bxd6 Qxd6 12. O-O b5 13. e4 dxe4 14. Nxe4 Qc7 15.
Re1 Bb7 16. Ne5 Nxe4 17. Bxe4 Bxe4 18. Rxe4 Nxe5 19. Rxe5 Rab8 20. a3 Rfd8 21.
Qe4 Qb7 22. Qc2 Rd5 23. Rae1 Rbd8 24. R1e3 a5 25. Qe2 g6 26. Kf1 Kf8 27. Qf3
Kg7 28. Qe2 Rxe5 29. Rxe5 Rd5 30. f3 Qc6 31. f4 b4 32. Rxd5 Qxd5 33. Qe5+ Qxe5
34. dxe5 bxa3 35. bxa3 g5 36. g3 Kg6 37. Kf2 gxf4 38. gxf4 Kh5 39. Kg3 a4 40.
h4 Kg6 41. Kg4 h5+ 42. Kg3 f6 43. exf6 Kxf6 44. Kf2 Kg6 45. Ke3 Kf6 46. Ke4 Kg6
47. Ke5 Kf7 48. f5 exf5 49. Kxf5 Ke7 50. Kg5 Ke6 51. Kf4 Kd5 52. Kf5 Kd6 53.
Ke4 Ke6 54. Kd4 Kf5 55. Kxc4 Kg4 56. Kb5 Kxh4 57. c4 Kg3 58. c5 h4 59. c6 h3
60. c7 h2 61. c8=Q h1=Q 62. Qc3+ Kf4 63. Qd4+ Kf5 64. Qc5+ Ke6 65. Kxa4 Kd7 66.
Kb5 Qb1+ 67. Qb4 Qd3+ 68. Ka5 Kc7 69. Qb6+ Kc8 70. a4 Qc3+ 71. Ka6 Qc4+ 72. Qb5
Qe6+ 73. Qb6 Qxb6+ 74. Kxb6 Kb8 1/2-1/2

[Event "II Aberto do Brasil de Maringa id. fide 69253 id. 
[Site "Maringa - Parana - Brasil"]
[Date "2012.08.10"]
[Round "5"]
[Board "2"]
[White "DELGADO, Lidio Dias"]
[Black "UMETSUBO, Cesar Hidemitsu"]
[Result "1/2-1/2"]
[WhiteElo "2285"]
[BlackElo "2236"]
[PlyCount "102"]
[EventDate "2012.08.08"]
[EventRounds "9"]
[EventCountry "BRA"]

1. d4 Nf6 2. c4 e6 3. Nc3 d5 4. Nf3 Be7 5. Bg5 h6 6. Bxf6 Bxf6 7. cxd5 exd5 8.
e3 O-O 9. Bd3 c6 10. Qc2 Re8 11. O-O Bg4 12. Nd2 Be7 13. Bh7+ Kh8 14. Bf5 Bxf5
15. Qxf5 Kg8 16. Nf3 Nd7 17. Rad1 Bd6 18. Rfe1 Nf6 19. Nd2 Qc8 20. Qc2 Qc7 21.
h3 Rad8 22. e4 dxe4 23. Ndxe4 Nxe4 24. Nxe4 Qa5 25. a3 Bc7 26. Nc3 Qg5 27. g3
Bb6 28. Rxe8+ Rxe8 29. Kg2 Rd8 30. Qe4 Qf6 31. Ne2 Rd5 32. Rd3 Rf5 33. f4 Rd5
34. Kf3 Qd8 35. b4 Qd7 36. g4 f5 37. gxf5 Rxf5 38. Re3 Kf7 39. Kg2 Qd5 40. Kf3
Bc7 41. Qxd5+ Rxd5 42. Ke4 g6 43. Rf3 Ke6 44. Ng3 a5 45. bxa5 Rxa5 46. f5+
gxf5+ 47. Nxf5 h5 48. Ng7+ Ke7 49. Nf5+ Ke6 50. Ng7+ Ke7 51. Nf5+ Ke6 1/2-1/2